000 00544nam a2200217Ia 4500
003 OSt
005 20220927114239.0
006 a|||||r|||| 00| 0
007 ta
008 220926b |||||||| |||| 00| 0 eng d
024 _a148933
037 _cTextbook
040 _aRTL
_cRTL
_beng
041 _2eng
_aeng
082 _a"X, TD"
100 _aBaumol
_9387850
245 0 _aOptimal departures from marginal cast planning
700 _a Bradford
_9387851
942 _h"X, TD"
_cCC
999 _c703706
_d703706